[Event "WCO 2016"]
[Site "?"]
[Date "2016.09.09"]
[Round "7"]
[Board "22"]
[WhiteID "6000711"]
[White "Kannappan Sigappi"]
[BlackID "10000429"]
[Black "Angolikin Goretti"]
[Result "1/2-1/2"]
[BlackElo "1613"]
[WhiteElo "1864"]
[LiveChessVersion "1.4.8"]

1. e4 {[%clk 1:30:21]} c6 {[%clk 1:30:25]} 2. d4 {[%clk 1:30:43]} d5
{[%clk 1:30:49]} 3. e5 {[%clk 1:29:55]} Bf5 {[%clk 1:30:53]} 4. Nf3
{[%clk 1:30:09]} e6 {[%clk 1:29:50]} 5. a3 {[%clk 1:30:37]} h6 {[%clk 1:28:59]}
6. Be2 {[%clk 1:30:37]} Nd7 {[%clk 1:26:28]} 7. O-O {[%clk 1:30:49]} Bh7
{[%clk 1:23:23]} 8. Nbd2 {[%clk 1:30:58]} Ne7 {[%clk 1:23:18]} 9. b3
{[%clk 1:31:00]} Ng6 {[%clk 1:22:01]} 10. Bd3 {[%clk 1:26:39]} Be7
{[%clk 1:21:41]} 11. c4 {[%clk 1:25:44]} O-O {[%clk 1:20:47]} 12. Qc2
{[%clk 1:25:55]} Qe8 {[%clk 1:19:43]} 13. Re1 {[%clk 1:14:14]} a6
{[%clk 0:58:27]} 14. c5 {[%clk 0:56:09]} f5 {[%clk 0:47:20]} 15. exf6
{[%clk 0:56:21]} Rxf6 {[%clk 0:47:33]} 16. Nf1 {[%clk 0:54:46]} Ngf8
{[%clk 0:44:32]} 17. Bxh7+ {[%clk 0:50:44]} Nxh7 {[%clk 0:44:09]} 18. Ng3
{[%clk 0:48:29]} Qf7 {[%clk 0:42:02]} 19. Ne5 {[%clk 0:43:55]} Nxe5 20. Rxe5
{[%clk 0:37:47]} Rf8 {[%clk 0:37:23]} 21. Ra2 {[%clk 0:36:46]} Bd8
{[%clk 0:34:43]} 22. Nh5 {[%clk 0:31:40]} Rf5 {[%clk 0:28:02]} 23. Rxf5
{[%clk 0:25:31]} exf5 {[%clk 0:27:28]} 24. Nf4 {[%clk 0:24:58]} Re8
{[%clk 0:25:32]} 25. f3 {[%clk 0:18:00]} Bh4 {[%clk 0:18:06]} 26. Bd2
{[%clk 0:14:18]} Bg5 {[%clk 0:15:56]} 27. g3 {[%clk 0:12:17]} Bxf4
{[%clk 0:15:24]} 28. Bxf4 {[%clk 0:12:36]} Qe6 {[%clk 0:15:29]} 29. Be5
{[%clk 0:12:20]} Nf6 {[%clk 0:15:21]} 30. Qd3 {[%clk 0:11:37]} Nd7
{[%clk 0:14:09]} 31. Re2 {[%clk 0:11:58]} Nf8 {[%clk 0:13:36]} 32. Kf2
{[%clk 0:11:30]} Qf7 {[%clk 0:10:23]} 33. Bd6 {[%clk 0:10:35]} Rxe2+
{[%clk 0:08:16]} 34. Qxe2 {[%clk 0:11:03]} Ne6 {[%clk 0:07:41]} 1/2-1/2

[Event "WCO 2016"]
[Site "?"]
[Date "2016.09.09"]
[Round "7"]
[Board "23"]
[WhiteID "10000836"]
[White "Kabengano Joyce"]
[BlackID "6002439"]
[Black "Deng Jing Xin Crystal "]
[Result "0-1"]
[BlackElo "1625"]
[WhiteElo "1559"]
[LiveChessVersion "1.4.8"]

1. e4 {[%clk 1:30:57]} c5 {[%clk 1:30:54]} 2. Nf3 {[%clk 1:31:18]} Nc6
{[%clk 1:31:19]} 3. Bb5 {[%clk 1:31:36]} g6 {[%clk 1:31:40]} 4. O-O
{[%clk 1:31:35]} Bg7 {[%clk 1:31:31]} 5. Re1 {[%clk 1:31:34]} Nf6
{[%clk 1:31:41]} 6. e5 {[%clk 1:31:24]} Nd5 {[%clk 1:31:49]} 7. Nc3
{[%clk 1:31:05]} Nc7 {[%clk 1:31:50]} 8. Bxc6 {[%clk 1:31:15]} dxc6
{[%clk 1:31:38]} 9. Ne4 {[%clk 1:31:15]} Ne6 {[%clk 1:31:50]} 10. d3
{[%clk 1:31:23]} O-O {[%clk 1:29:49]} 11. Be3 {[%clk 1:30:50]} b6
{[%clk 1:28:23]} 12. Qd2 {[%clk 1:29:41]} Ba6 {[%clk 1:23:25]} 13. b3
{[%clk 1:26:06]} Qc7 {[%clk 1:21:20]} 14. Bh6 {[%clk 1:24:39]} Rad8
{[%clk 1:17:30]} 15. Bxg7 {[%clk 1:23:25]} Kxg7 {[%clk 1:17:48]} 16. Neg5
{[%clk 1:22:29]} Bc8 {[%clk 1:03:20]} 17. Nxe6+ {[%clk 1:18:08]} Bxe6
{[%clk 1:03:31]} 18. Qg5 {[%clk 1:13:28]} Rd5 {[%clk 0:57:26]} 19. Re4
{[%clk 1:12:39]} Rh8 {[%clk 0:50:14]} 20. Rae1 {[%clk 1:09:25]} h6
{[%clk 0:47:52]} 21. Qg3 {[%clk 1:05:50]} Qd8 {[%clk 0:45:10]} 22. h4
{[%clk 1:02:14]} h5 {[%clk 0:40:55]} 23. Ng5 {[%clk 0:59:45]} Bf5
{[%clk 0:40:50]} 24. Rf4 {[%clk 0:56:21]} e6 {[%clk 0:40:49]} 25. Rf3
{[%clk 0:48:48]} Rd4 {[%clk 0:39:43]} 26. Rxf5 {[%clk 0:43:07]} exf5
{[%clk 0:38:05]} 27. e6 {[%clk 0:41:00]} Re8 {[%clk 0:34:41]} 28. e7
{[%clk 0:26:40]} Rxe7 {[%clk 0:30:29]} 29. Rxe7 {[%clk 0:21:23]} Qxe7
{[%clk 0:30:53]} 30. Nf3 {[%clk 0:21:41]} Rd6 {[%clk 0:28:59]} 31. Kf1
{[%clk 0:19:24]} Re6 {[%clk 0:29:06]} 32. Qf4 {[%clk 0:17:42]} Qf6
{[%clk 0:27:29]} 33. d4 {[%clk 0:16:54]} cxd4 {[%clk 0:26:09]} 34. Qxd4
{[%clk 0:14:51]} Qxd4 {[%clk 0:26:24]} 35. Nxd4 {[%clk 0:15:15]} Rd6
{[%clk 0:26:41]} 36. c3 {[%clk 0:15:11]} Kf6 {[%clk 0:27:02]} 37. Ke2
{[%clk 0:15:11]} Ke5 {[%clk 0:26:59]} 38. Nf3+ {[%clk 0:14:09]} Kd5
{[%clk 0:26:43]} 39. a3 {[%clk 0:13:17]} c5 {[%clk 0:26:23]} 40. g3
{[%clk 0:42:46]} f6 {[%clk 0:56:19]} 41. c4+ {[%clk 0:41:31]} Ke4
{[%clk 0:56:21]} 42. b4 {[%clk 0:39:49]} Rd3 {[%clk 0:56:21]} 43. Ne1
{[%clk 0:38:48]} Rxa3 {[%clk 0:56:22]} 44. f3+ {[%clk 0:38:50]} Ke5
{[%clk 0:55:57]} 45. Nd3+ {[%clk 0:37:53]} Rxd3 {[%clk 0:54:37]} 46. Kxd3
{[%clk 0:38:11]} cxb4 {[%clk 0:54:13]} 47. f4+ {[%clk 0:37:49]} Kd6
{[%clk 0:54:37]} 48. Kc2 {[%clk 0:38:03]} a5 {[%clk 0:54:58]} 49. Kd2
{[%clk 0:35:40]} Kc5 {[%clk 0:55:21]} 0-1

[Event "WCO 2016"]
[Site "?"]
[Date "2016.09.09"]
[Round "7"]
[Board "24"]
[WhiteID "6002897"]
[White "Lee Lok Yi "]
[BlackID "10000445"]
[Black "Namaganda Christine"]
[Result "0-1"]
[BlackElo "1555"]
[WhiteElo "1497"]
[LiveChessVersion "1.4.8"]

1. b3 {[%clk 1:30:58]} Nf6 {[%clk 1:30:48]} 2. Bb2 {[%clk 1:31:15]} g6
{[%clk 1:29:37]} 3. e3 {[%clk 1:31:18]} Bg7 {[%clk 1:30:01]} 4. Nf3
{[%clk 1:31:13]} d6 {[%clk 1:30:14]} 5. c4 {[%clk 1:29:11]} c5 {[%clk 1:29:50]}
6. Nc3 {[%clk 1:28:35]} O-O {[%clk 1:30:01]} 7. Rc1 {[%clk 1:25:07]} Nc6
{[%clk 1:27:48]} 8. Be2 {[%clk 1:21:03]} b6 {[%clk 1:23:51]} 9. d4
{[%clk 1:19:26]} cxd4 {[%clk 1:23:09]} 10. exd4 {[%clk 1:19:40]} Bb7
{[%clk 1:22:42]} 11. d5 {[%clk 1:18:50]} Nb4 {[%clk 1:22:17]} 12. a3
{[%clk 1:18:35]} Na6 {[%clk 1:22:23]} 13. O-O {[%clk 1:17:52]} Nc7
{[%clk 1:18:36]} 14. Re1 {[%clk 1:15:25]} b5 {[%clk 1:18:26]} 15. Nd4
{[%clk 1:11:12]} bxc4 {[%clk 1:17:57]} 16. Bxc4 {[%clk 1:09:31]} Nfxd5
{[%clk 1:12:58]} 17. Nxd5 {[%clk 1:01:32]} Nxd5 {[%clk 1:12:09]} 18. Qe2
{[%clk 0:55:48]} e5 {[%clk 1:05:05]} 19. Nb5 {[%clk 0:51:00]} Nf4
{[%clk 1:04:56]} 20. Qd2 {[%clk 0:45:30]} Bxg2 {[%clk 1:03:46]} 21. Qxd6
{[%clk 0:43:39]} Qg5 {[%clk 1:02:51]} 22. Re3 {[%clk 0:36:50]} Nh3+
{[%clk 1:02:30]} 0-1

[Event "WCO 2016"]
[Site "?"]
[Date "2016.09.09"]
[Round "7"]
[Board "25"]
[WhiteID "6600514"]
[White "Munoz Alba"]
[BlackID "7300450"]
[Black "Figueroa Julissa"]
[Result "1/2-1/2"]
[BlackElo "1787"]
[WhiteElo "1704"]
[LiveChessVersion "1.4.8"]

1. e4 {[%clk 1:30:57]} c5 {[%clk 1:30:55]} 2. c3 {[%clk 1:31:21]} d5
{[%clk 1:31:03]} 3. exd5 {[%clk 1:31:44]} Qxd5 {[%clk 1:31:23]} 4. d4
{[%clk 1:32:05]} e6 {[%clk 1:30:42]} 5. Nf3 {[%clk 1:32:26]} Nf6 {[%clk 1:30:57]}
6. Be2 {[%clk 1:32:36]} Be7 {[%clk 1:30:42]} 7. O-O {[%clk 1:32:55]} O-O
{[%clk 1:31:08]} 8. Be3 {[%clk 1:32:18]} cxd4 {[%clk 1:30:14]} 9. cxd4
{[%clk 1:32:40]} Nc6 {[%clk 1:29:07]} 10. Nc3 {[%clk 1:32:21]} Qd8
{[%clk 1:29:21]} 11. h3 {[%clk 1:29:58]} a6 {[%clk 1:29:25]} 12. Qb3
{[%clk 1:30:22]} Na5 {[%clk 1:21:51]} 13. Qc2 {[%clk 1:29:47]} b5
{[%clk 1:19:30]} 14. Rfd1 {[%clk 1:29:56]} Bb7 {[%clk 1:19:10]} 15. a3
{[%clk 1:25:44]} Rc8 {[%clk 1:19:09]} 16. Qd3 {[%clk 1:21:11]} Nc4
{[%clk 1:15:13]} 17. Bc1 {[%clk 1:21:24]} Qc7 {[%clk 1:08:50]} 18. b3
{[%clk 1:03:15]} Nxa3 {[%clk 1:02:34]} 19. Bxa3 {[%clk 1:03:35]} Bxa3
{[%clk 1:01:54]} 20. Nxb5 {[%clk 1:03:57]} axb5 {[%clk 1:01:51]} 21. Rxa3
{[%clk 1:04:15]} b4 {[%clk 1:01:00]} 22. Ra4 {[%clk 0:59:14]} Qc3
{[%clk 0:59:37]} 23. Ne5 {[%clk 0:51:46]} Be4 {[%clk 0:57:52]} 24. Qxc3
{[%clk 0:37:16]} bxc3 {[%clk 0:58:10]} 25. Bc4 {[%clk 0:37:21]} Rfd8
{[%clk 0:56:00]} 26. Rc1 {[%clk 0:29:52]} c2 {[%clk 0:54:20]} 27. f3
{[%clk 0:28:30]} Rxd4 {[%clk 0:49:28]} 28. Kf2 {[%clk 0:25:39]} Rd1
{[%clk 0:29:18]} 29. Raa1 {[%clk 0:25:55]} Rxc1 {[%clk 0:23:47]} 30. Rxc1
{[%clk 0:26:10]} Bg6 {[%clk 0:21:39]} 31. Nxg6 {[%clk 0:26:31]} hxg6
{[%clk 0:22:04]} 32. Rxc2 {[%clk 0:26:55]} Nd5 {[%clk 0:20:37]} 33. Rd2
{[%clk 0:26:13]} Nb6 {[%clk 0:20:07]} 34. Ba6 {[%clk 0:23:20]} Rc3
{[%clk 0:19:05]} 35. b4 {[%clk 0:16:45]} Rb3 {[%clk 0:19:02]} 36. Rd8+
{[%clk 0:16:31]} Kh7 {[%clk 0:19:27]} 37. b5 {[%clk 0:14:57]} g5 {[%clk 0:17:29]}
38. Rd2 {[%clk 0:09:23]} Kg6 {[%clk 0:16:31]} 39. Rc2 {[%clk 0:09:18]} Kf6
{[%clk 0:15:45]} 40. Ke2 {[%clk 0:37:12]} Ke5 {[%clk 0:42:05]} 41. g3
{[%clk 0:36:04]} Nd5 {[%clk 0:38:37]} 42. Kf2 {[%clk 0:33:26]} Kd4
{[%clk 0:30:52]} 43. g4 {[%clk 0:30:17]} Nc3 {[%clk 0:23:02]} 44. Rd2+
{[%clk 0:30:12]} Ke5 {[%clk 0:23:14]} 45. Rd7 {[%clk 0:25:28]} f6
{[%clk 0:21:29]} 46. Rxg7 {[%clk 0:25:33]} Nxb5 {[%clk 0:21:41]} 47. Rb7
{[%clk 0:25:38]} Nd4 {[%clk 0:21:46]} 48. Rxb3 {[%clk 0:25:46]} 1/2-1/2

[Event "WCO 2016"]
[Site "?"]
[Date "2016.09.09"]
[Round "7"]
[Board "26"]
[WhiteID "7301057"]
[White "Sotomayor Villatoro Silvi"]
[BlackID "6600336"]
[Black "Barria Baker Raisa Melissa"]
[Result "1/2-1/2"]
[BlackElo "1961"]
[WhiteElo "1876"]
[LiveChessVersion "1.4.8"]

1. d4 {[%clk 1:30:58]} d5 {[%clk 1:30:31]} 2. e3 {[%clk 1:31:23]} Nf6
{[%clk 1:30:53]} 3. Bd3 {[%clk 1:31:33]} Nc6 {[%clk 1:31:14]} 4. f4
{[%clk 1:31:42]} Nb4 {[%clk 1:31:22]} 5. Nf3 {[%clk 1:32:06]} Nxd3+
{[%clk 1:31:35]} 6. cxd3 {[%clk 1:32:15]} Bg4 {[%clk 1:25:31]} 7. Nc3
{[%clk 1:31:27]} e6 {[%clk 1:24:07]} 8. O-O {[%clk 1:31:46]} Be7 {[%clk 1:19:50]}
9. Qb3 {[%clk 1:30:26]} b6 {[%clk 1:10:29]} 10. Ne5 {[%clk 1:26:38]} O-O
{[%clk 1:10:15]} 11. Bd2 {[%clk 1:17:17]} c5 {[%clk 1:07:20]} 12. Rac1
{[%clk 1:03:41]} Bf5 {[%clk 0:55:06]} 13. Rfe1 {[%clk 0:59:54]} Bg6
{[%clk 0:44:52]} 14. Na4 {[%clk 0:49:29]} Rc8 {[%clk 0:34:40]} 15. Qb5
{[%clk 0:45:29]} Qd6 {[%clk 0:27:23]} 16. Qa6 {[%clk 0:44:53]} Rc7
{[%clk 0:24:23]} 17. b4 {[%clk 0:40:53]} Rfc8 {[%clk 0:13:43]} 18. dxc5
{[%clk 0:29:55]} bxc5 {[%clk 0:13:42]} 19. Nxc5 {[%clk 0:30:21]} Qxa6
{[%clk 0:11:33]} 20. Nxa6 {[%clk 0:30:45]} Rc2 {[%clk 0:12:00]} 21. a4
{[%clk 0:29:18]} h5 {[%clk 0:10:12]} 22. Kf1 {[%clk 0:21:52]} Ng4
{[%clk 0:08:29]} 23. Nxg6 {[%clk 0:21:03]} fxg6 {[%clk 0:08:27]} 24. h3
{[%clk 0:21:19]} Nh6 {[%clk 0:07:27]} 25. Ke2 {[%clk 0:18:38]} Nf5
{[%clk 0:05:43]} 26. Rxc2 {[%clk 0:18:42]} Rxc2 {[%clk 0:05:45]} 27. Rc1
{[%clk 0:19:11]} Ra2 {[%clk 0:04:46]} 28. a5 {[%clk 0:12:38]} Ng3+
{[%clk 0:04:47]} 29. Kd1 {[%clk 0:12:35]} Nf1 {[%clk 0:05:03]} 30. Rc2
{[%clk 0:13:03]} Ra1+ {[%clk 0:04:43]} 31. Ke2 {[%clk 0:13:32]} Bh4
{[%clk 0:02:04]} 32. Rc1 {[%clk 0:11:20]} Ng3+ {[%clk 0:02:20]} 33. Kf3
{[%clk 0:11:49]} Ra3 {[%clk 0:00:56]} 34. Be1 {[%clk 0:07:52]} Nf5
{[%clk 0:01:03]} 35. Nc5 {[%clk 0:06:20]} Kf7 {[%clk 0:00:49]} 36. g3
{[%clk 0:04:18]} Be7 {[%clk 0:00:44]} 37. g4 {[%clk 0:03:08]} Nd6
{[%clk 0:00:40]} 38. d4 {[%clk 0:01:48]} Nc4 {[%clk 0:00:51]} 39. Rc3
{[%clk 0:00:55]} Ra1 {[%clk 0:01:01]} 40. Ke2 {[%clk 0:31:17]} Ra2+
{[%clk 0:31:01]} 41. Kf3 {[%clk 0:28:09]} Rh2 {[%clk 0:26:17]} 42. Kg3
{[%clk 0:24:21]} Re2 {[%clk 0:25:26]} 1/2-1/2

[Event "WCO 2016"]
[Site "?"]
[Date "2016.09.09"]
[Round "7"]
[Board "27"]
[WhiteID "6600344"]
[White "Gonzalez Yaribeth"]
[BlackID "7300115"]
[Black "Mazariegos Silvia Carolina"]
[Result "0-1"]
[BlackElo "1942"]
[WhiteElo "1826"]
[LiveChessVersion "1.4.8"]

1. d4 {[%clk 1:30:52]} f5 {[%clk 1:28:38]} 2. c4 {[%clk 1:31:07]} Nf6
{[%clk 1:28:58]} 3. Nc3 {[%clk 1:31:20]} e6 {[%clk 1:29:20]} 4. e3
{[%clk 1:24:26]} d5 {[%clk 1:28:54]} 5. c5 {[%clk 1:24:13]} Be7 {[%clk 1:28:47]}
6. Nf3 {[%clk 1:22:11]} O-O {[%clk 1:18:40]} 7. b4 {[%clk 1:09:17]} Qe8
{[%clk 1:08:53]} 8. Be2 Bd8 9. Bb2 {[%clk 0:58:54]} Nbd7 {[%clk 1:03:43]} 10. g3
{[%clk 0:53:38]} c6 {[%clk 1:01:08]} 11. Ne5 {[%clk 0:48:57]} Bc7
{[%clk 1:00:21]} 12. f4 {[%clk 0:48:54]} Ne4 {[%clk 0:58:01]} 13. Nxd7
{[%clk 0:36:03]} Nxc3 {[%clk 0:55:55]} 14. Bxc3 {[%clk 0:36:21]} Bxd7
{[%clk 0:56:16]} 15. h3 {[%clk 0:25:38]} a5 {[%clk 0:45:57]} 16. a3
{[%clk 0:21:03]} Qe7 {[%clk 0:30:33]} 17. Kd2 {[%clk 0:19:48]} b6
{[%clk 0:23:10]} 18. cxb6 {[%clk 0:06:35]} Bxb6 {[%clk 0:23:25]} 19. Bd3
{[%clk 0:06:59]} Bc7 {[%clk 0:20:34]} 20. g4 {[%clk 0:06:03]} axb4
{[%clk 0:19:30]} 21. axb4 {[%clk 0:05:40]} Bd6 {[%clk 0:18:56]} 22. Qb3
{[%clk 0:03:54]} Qh4 {[%clk 0:17:45]} 23. Be2 {[%clk 0:02:06]} Rxa1
{[%clk 0:12:10]} 24. Bxa1 {[%clk 0:01:54]} fxg4 {[%clk 0:09:46]} 25. Bxg4
{[%clk 0:01:15]} g5 {[%clk 0:10:05]} 26. Rf1 {[%clk 0:00:50]} h5 {[%clk 0:09:41]}
27. Be2 {[%clk 0:00:43]} gxf4 {[%clk 0:09:40]} 28. Rg1+ {[%clk 0:00:54]} Kh8
{[%clk 0:09:30]} 29. exf4 {[%clk 0:00:51]} Bxf4+ {[%clk 0:05:40]} 30. Kd1
{[%clk 0:01:01]} Rg8 {[%clk 0:02:16]} 31. Rxg8+ {[%clk 0:01:29]} Kxg8
{[%clk 0:02:38]} 32. Qf3 {[%clk 0:01:53]} Qg5 {[%clk 0:02:19]} 33. Bc3
{[%clk 0:00:42]} Be8 {[%clk 0:02:40]} 34. Kc2 {[%clk 0:00:39]} Bg6+
{[%clk 0:02:30]} 35. Kb3 {[%clk 0:00:40]} Qf5 {[%clk 0:02:37]} 36. Qf1
{[%clk 0:00:54]} Qc2+ {[%clk 0:02:49]} 37. Ka3 {[%clk 0:00:36]} Bc1+
{[%clk 0:03:10]} 0-1

[Event "WCO 2016"]
[Site "?"]
[Date "2016.09.09"]
[Round "7"]
[Board "28"]
[WhiteID "7300948"]
[White "Diaz Luisa"]
[BlackID "6600603"]
[Black "Chung Yaleika"]
[Result "1/2-1/2"]
[BlackElo "1797"]
[WhiteElo "1825"]
[LiveChessVersion "1.4.8"]

1. e4 {[%clk 1:30:58]} c6 {[%clk 1:30:49]} 2. d4 {[%clk 1:30:35]} d5
{[%clk 1:31:10]} 3. Nc3 {[%clk 1:31:00]} dxe4 {[%clk 1:31:10]} 4. Nxe4
{[%clk 1:31:20]} Bf5 {[%clk 1:31:29]} 5. Ng3 {[%clk 1:31:43]} Bg6
{[%clk 1:31:49]} 6. h4 {[%clk 1:32:05]} h6 {[%clk 1:31:42]} 7. h5
{[%clk 1:31:55]} Bh7 {[%clk 1:32:03]} 8. f4 {[%clk 1:32:18]} e6 {[%clk 1:29:01]}
9. Nf3 {[%clk 1:31:58]} Nd7 {[%clk 1:29:15]} 10. Bd3 {[%clk 1:32:08]} Bxd3
{[%clk 1:28:51]} 11. Qxd3 {[%clk 1:32:32]} Bb4+ {[%clk 1:28:51]} 12. c3
{[%clk 1:31:36]} Be7 {[%clk 1:29:15]} 13. Bd2 {[%clk 1:30:05]} Ngf6
{[%clk 1:25:52]} 14. Ne5 {[%clk 1:24:16]} c5 {[%clk 1:18:17]} 15. Ne4
{[%clk 1:03:58]} Nxe5 {[%clk 0:58:34]} 16. fxe5 {[%clk 1:00:09]} Nxe4
{[%clk 0:57:48]} 17. Qxe4 {[%clk 1:00:31]} cxd4 {[%clk 0:57:01]} 18. cxd4
{[%clk 0:54:18]} Qb6 {[%clk 0:50:53]} 19. Bc3 {[%clk 0:46:25]} Rc8
{[%clk 0:45:25]} 20. O-O {[%clk 0:40:23]} O-O {[%clk 0:40:01]} 21. Rf2
{[%clk 0:32:17]} Bb4 {[%clk 0:33:40]} 22. Rb1 {[%clk 0:19:24]} Qa5
{[%clk 0:13:16]} 23. Qxb7 {[%clk 0:16:43]} Bxc3 {[%clk 0:13:28]} 24. bxc3
{[%clk 0:17:05]} Qxc3 {[%clk 0:13:31]} 25. Qxa7 {[%clk 0:16:19]} Ra8
{[%clk 0:11:25]} 26. Qc5 {[%clk 0:15:06]} Qd3 {[%clk 0:09:32]} 27. Rbf1
{[%clk 0:09:35]} Rac8 {[%clk 0:07:56]} 28. Qa7 {[%clk 0:08:31]} Ra8
{[%clk 0:06:03]} 29. Qc5 {[%clk 0:08:59]} Rac8 {[%clk 0:06:06]} 30. Qb4
{[%clk 0:09:08]} Rc4 {[%clk 0:04:31]} 31. Qd2 {[%clk 0:03:47]} Qxd4
{[%clk 0:04:20]} 32. Qxd4 {[%clk 0:04:09]} Rxd4 {[%clk 0:04:46]} 33. Rf4
{[%clk 0:04:07]} Rd5 {[%clk 0:04:05]} 34. Re1 {[%clk 0:03:46]} Ra8
{[%clk 0:04:25]} 35. a4 {[%clk 0:03:16]} Rda5 {[%clk 0:04:10]} 36. Ree4
{[%clk 0:02:51]} Rc8 {[%clk 0:04:05]} 37. Rf1 {[%clk 0:02:22]} Rc3
{[%clk 0:04:04]} 38. Ra1 {[%clk 0:02:28]} Rd3 {[%clk 0:03:24]} 39. Kf2
{[%clk 0:02:21]} Kf8 {[%clk 0:03:30]} 40. Ra2 {[%clk 0:31:25]} Ke7
{[%clk 0:33:05]} 41. g4 {[%clk 0:23:53]} Rh3 {[%clk 0:30:04]} 42. Kg2
{[%clk 0:24:18]} Rc3 {[%clk 0:30:15]} 43. Rb2 {[%clk 0:22:20]} Rc7
{[%clk 0:24:55]} 44. Kf3 {[%clk 0:20:10]} Rc3+ {[%clk 0:20:35]} 45. Kg2
{[%clk 0:19:18]} Rc7 {[%clk 0:19:19]} 46. Kf3 {[%clk 0:19:42]} Rca7
{[%clk 0:17:19]} 47. Rbb4 {[%clk 0:18:45]} Rd5 {[%clk 0:16:38]} 48. Rb5
{[%clk 0:16:46]} 1/2-1/2

[Event "WCO 2016"]
[Site "?"]
[Date "2016.09.09"]
[Round "7"]
[Board "25"]
[WhiteID "4808436"]
[White "ALbarbari Vin Kamal Jalal Adin"]
[BlackID "3902773"]
[Black "Mena Ailen Oriana"]
[Result "0-1"]
[BlackElo "1715"]
[WhiteElo "1592"]
[LiveChessVersion "1.4.8"]

1. e4 {[%clk 1:30:57]} e5 {[%clk 1:30:47]} 2. Nf3 {[%clk 1:31:11]} Nc6
{[%clk 1:30:55]} 3. Bc4 {[%clk 1:31:16]} Nf6 {[%clk 1:30:12]} 4. Nc3
{[%clk 1:30:35]} Nxe4 {[%clk 1:28:59]} 5. Nxe4 {[%clk 1:26:48]} d5
{[%clk 1:29:04]} 6. Qe2 {[%clk 1:24:11]} dxc4 {[%clk 1:28:07]} 7. Qxc4
{[%clk 1:22:41]} Be6 {[%clk 1:27:44]} 8. Qc3 {[%clk 1:09:19]} Qd5
{[%clk 1:20:04]} 9. Ng3 Be7 {[%clk 1:15:59]} 10. a3 {[%clk 0:43:07]} O-O-O
{[%clk 1:14:57]} 11. d3 {[%clk 0:40:46]} h6 {[%clk 1:13:31]} 12. O-O
{[%clk 0:29:49]} g5 {[%clk 1:01:16]} 13. Re1 {[%clk 0:21:02]} f6 {[%clk 1:01:03]}
14. Be3 {[%clk 0:17:03]} h5 {[%clk 0:58:26]} 15. Ne4 {[%clk 0:15:43]} b6
{[%clk 0:53:19]} 16. Ned2 {[%clk 0:12:06]} h4 {[%clk 0:52:39]} 17. Qc4
{[%clk 0:10:18]} g4 {[%clk 0:50:29]} 18. Qc3 {[%clk 0:05:21]} gxf3
{[%clk 0:50:34]} 19. Nxf3 {[%clk 0:05:43]} h3 {[%clk 0:51:17]} 20. Qd2
{[%clk 0:02:21]} hxg2 {[%clk 0:51:30]} 0-1

[Event "WCO 2016"]
[Site "?"]
[Date "2016.09.09"]
[Round "7"]
[Board "26"]
[WhiteID "7500408"]
[White "Salim-Moussa Arzy Zahia"]
[BlackID "4801067"]
[Black "Al-Rufaye Iman Hasan Mohammed"]
[Result "0-1"]
[BlackElo "2001"]
[WhiteElo "1403"]
[LiveChessVersion "1.4.8"]

1. e4 {[%clk 1:30:55]} e5 {[%clk 1:30:55]} 2. Nf3 {[%clk 1:31:15]} Nc6
{[%clk 1:31:19]} 3. Bc4 {[%clk 1:31:20]} Bc5 {[%clk 1:31:41]} 4. c3
{[%clk 1:30:17]} Nf6 {[%clk 1:31:47]} 5. O-O {[%clk 1:28:55]} d6 {[%clk 1:28:49]}
6. h3 {[%clk 1:20:23]} O-O {[%clk 1:19:27]} 7. Re1 {[%clk 1:11:45]} a6
{[%clk 1:13:36]} 8. d4 {[%clk 1:04:08]} Ba7 {[%clk 1:11:00]} 9. dxe5
{[%clk 0:59:45]} Nxe5 {[%clk 1:07:08]} 10. Nxe5 {[%clk 0:50:46]} dxe5
{[%clk 1:07:22]} 11. Qxd8 {[%clk 0:47:44]} Rxd8 {[%clk 1:07:43]} 12. Bg5
{[%clk 0:47:43]} h6 {[%clk 1:01:56]} 13. Bxf6 {[%clk 0:46:28]} gxf6
{[%clk 1:02:14]} 14. Kf1 {[%clk 0:46:04]} Bd7 {[%clk 0:43:06]} 15. Rd1
{[%clk 0:34:27]} Bc6 {[%clk 0:31:34]} 16. Nd2 {[%clk 0:25:46]} Rd6
{[%clk 0:29:18]} 17. Be2 {[%clk 0:17:37]} Rad8 {[%clk 0:28:13]} 18. Nb3
{[%clk 0:13:46]} Bxe4 {[%clk 0:26:08]} 19. Rxd6 {[%clk 0:12:53]} Rxd6
{[%clk 0:25:49]} 20. Rd1 {[%clk 0:12:41]} Rxd1+ {[%clk 0:19:35]} 21. Bxd1
{[%clk 0:12:33]} Kf8 {[%clk 0:19:42]} 22. Nd2 {[%clk 0:11:49]} Bd5
{[%clk 0:17:30]} 23. Bf3 {[%clk 0:10:18]} c6 {[%clk 0:17:35]} 24. Bxd5
{[%clk 0:09:36]} cxd5 {[%clk 0:17:56]} 25. Ke2 {[%clk 0:10:02]} Ke7
{[%clk 0:18:05]} 26. f3 {[%clk 0:09:12]} f5 {[%clk 0:17:52]} 27. g3
{[%clk 0:08:57]} h5 {[%clk 0:16:58]} 28. Nf1 {[%clk 0:07:02]} Ke6
{[%clk 0:16:30]} 29. g4 {[%clk 0:05:49]} fxg4 {[%clk 0:13:52]} 30. hxg4
{[%clk 0:04:26]} h4 {[%clk 0:12:30]} 31. Nh2 {[%clk 0:03:05]} Kf6
{[%clk 0:11:16]} 32. Kf1 {[%clk 0:03:07]} h3 {[%clk 0:10:02]} 33. a3
{[%clk 0:02:00]} Kg5 {[%clk 0:09:09]} 34. Ke2 {[%clk 0:01:57]} Kf4
{[%clk 0:09:06]} 35. Nf1 {[%clk 0:02:12]} Bg1 {[%clk 0:09:17]} 36. b4
{[%clk 0:01:45]} h2 {[%clk 0:09:33]} 37. Nxh2 {[%clk 0:01:29]} Bxh2
{[%clk 0:09:55]} 38. a4 {[%clk 0:01:46]} e4 {[%clk 0:10:03]} 39. fxe4
{[%clk 0:00:43]} dxe4 {[%clk 0:10:16]} 40. c4 {[%clk 0:30:38]} Kxg4
{[%clk 0:40:38]} 41. b5 {[%clk 0:29:31]} Bg1 {[%clk 0:39:36]} 42. Kf1
{[%clk 0:28:58]} Bd4 {[%clk 0:39:42]} 43. Ke2 {[%clk 0:28:09]} f5
{[%clk 0:40:03]} 44. a5 {[%clk 0:27:39]} f4 {[%clk 0:40:16]} 0-1

[Event "WCO 2016"]
[Site "?"]
[Date "2016.09.09"]
[Round "7"]
[Board "28"]
[WhiteID "7500440"]
[White "Salim-Moussa Seydi"]
[BlackID "4804929"]
[Black "A-ALI Sali Abbas Abdulzahra"]
[Result "1/2-1/2"]
[BlackElo "1728"]
[WhiteElo "1668"]
[LiveChessVersion "1.4.8"]

1. e4 {[%clk 1:30:52]} e6 {[%clk 1:30:55]} 2. d4 {[%clk 1:31:08]} d5
{[%clk 1:31:17]} 3. Nc3 {[%clk 1:30:46]} dxe4 {[%clk 1:31:37]} 4. Nxe4
{[%clk 1:30:59]} Nd7 {[%clk 1:32:01]} 5. Nf3 {[%clk 1:30:59]} Ngf6
{[%clk 1:32:23]} 6. Bg5 {[%clk 1:30:59]} Be7 {[%clk 1:32:38]} 7. Nxf6+
{[%clk 1:27:40]} Nxf6 {[%clk 1:32:02]} 8. Bc4 {[%clk 1:27:02]} O-O
{[%clk 1:32:00]} 9. O-O {[%clk 1:26:48]} b6 {[%clk 1:32:07]} 10. Re1
{[%clk 1:25:54]} Bb7 {[%clk 1:32:06]} 11. c3 {[%clk 1:15:30]} Nd5
{[%clk 1:31:13]} 12. Qd2 {[%clk 1:12:50]} h6 {[%clk 1:29:30]} 13. Bxh6
{[%clk 1:00:57]} gxh6 {[%clk 1:26:31]} 14. Qxh6 {[%clk 1:01:11]} Bc8
{[%clk 1:19:22]} 15. Bd3 {[%clk 0:49:41]} f5 {[%clk 1:19:21]} 16. Qg6+
{[%clk 0:40:51]} Kh8 {[%clk 1:19:24]} 17. Qh6+ {[%clk 0:36:25]} Kg8
{[%clk 1:19:48]} 18. Qg6+ {[%clk 0:35:34]} Kh8 {[%clk 1:20:12]} 19. Qh6+
{[%clk 0:36:01]} Kg8 {[%clk 1:20:36]} 20. Qg6+ {[%clk 0:35:31]} Kh8
{[%clk 1:21:01]} 1/2-1/2